Statistics for The Lonely Island: I Threw It On The Ground Lyrics

Click here to take the quiz!

General Stats

  • This quiz has been taken 25 times
  • The average score is 39 of 48

Answer Stats

LyricsMissing Lyrics% Correct
I’m an _____!adult
95%
I’m __ _____!an adult
95%
I’m not _ ____ of your system.a part
95%
Some poser hands me cake at a ________ _____.birthday party
95%
I threw the rest of the ____, too!cake
95%
When a man walks up to me and hands me the latest _____ _____.energy drink
95%
I go to my favorite ___ ___ stand.hot dog
95%
_ _____ __ __ ___ ______!I threw it on the ground
95%
_ _____ __ __ ___ ______!I threw it on the ground
95%
Man, I’m not gonna let you ______ me!poison
95%
“___ ______, jump higher.”Run faster
95%
I ____ __ and threw it on the ground!took it
95%
This is a ____ _____!cell phone
90%
I said, “Man! What I look like? A _______ ____?”charity case
90%
Whatcha want me to do with this? ___ __?Eat it
90%
At the farmer’s market with my so called __________.girlfriend
90%
She _____ __ her cell phone, says it’s my dad.hands me
90%
___!Man
90%
Man, this ain’t __ ___!my dad
90%
My dad’s ___ _ _____!not a phone
90%
“You come here all the time! Here’s ___ ___ ____.”one for free
90%
What, you think I’m ______?stupid
90%
I ain’t gonna be part of your ______.system
90%
So many ______ to throw on the ground.things
90%
You can’t ___ __ hot dog, man!buy me
85%
_____ ________ to the ground!Happy birthday
85%
Welcome to the ____ _____, jack*ss!real world
85%
Turned out they had a _____.taser
85%
And they tased me in the ________!butthole
80%
The _____ of the story is:moral
80%
My butthole was __ ____!on fire
80%
Then the two phonies ___ __.got up
75%
_ ___ screamin’ and squirmin’.I was
75%
___!Duh
70%
I don’t need your ________!handouts
70%
Two _________ _______ try to give me their autograph.Hollywood phonies
70%
You must think I’m a ____!joke
70%
The phonies didn’t ___ __.let up
70%
Tasin’ on my butthole ____ ___ ____!over and over
70%
You can’t _____ ___ ______!trust the system
70%
I ____ __ ___ ground.fell to the
65%
Man! Pump that _______ in another man’s veins!garbage
65%
_____!Ground
65%
______ wants your autograph, phonies!Nobody
65%
I was walkin’ through the ____ _______.city streets
60%
The ____ says:dude
60%
Like this, and this, and that, and ____ ____!even this
55%
_____!Please
40%

Score Distribution

Percentile by Number Answered

Percent of People with Each Score

Your Score History

You have not taken this quiz